[Event "Dyfed Major"]
[Site "Fishguard"]
[Date "2020.02.14"]
[Round "1.1"]
[White "Hunt, Ray"]
[Black "Hurn, Robert AJ"]
[Result "0-1"]
[WhiteElo "1518"]
[BlackElo "1697"]
[Annotator "kemen"]
[PlyCount "72"]
[EventDate "2020.??.??"]

{[%evp 0,72,37,37,18,-16,6,6,5,3,1,-1,-5,6,13,-5,24,10,-2,-17,-7,-26,-13,-11,3,
-28,-21,-51,-53,-53,-13,-41,-40,-52,-38,-80,-91,-88,-84,-76,-87,-192,-182,-146,
-165,-252,-209,-261,-139,-264,-270,-625,-333,-858,-881,-938,-29992,-29993,
-29994,-29995,-29992,-29993,-1436,-1938,-1436,-29993,-29994,-29995,-29990,
-29993,-29992,-29993,-29990,-29993,-29994]} 1. Nf3 Nf6 2. b3 g6 3. Bb2 Bg7 4.
e3 (4. g3 {more frequent}) 4... O-O 5. c4 c5 (5... d6) 6. Be2 Nc6 7. O-O Re8 (
7... d5) (7... b6) (7... d6) 8. d3 (8. d4 {main}) 8... b6 (8... e5 {main}) 9.
Nbd2 Bb7 10. Rc1 d6 (10... e6 11. Qc2 Rc8 12. Qb1 d5 {Schlinkmeier-Antemia,
Reginalliga Bayern 1998,0-1}) 11. a3 (11. Qc2 e5 12. a3 Rc8 13. Ne4 d5 14.
Nxf6+ Bxf6 15. cxd5 Qxd5 16. Ne1 Bg7 17. Bf3 Qd7 18. Qb1 a5 19. Bc3 Qe7 20. Be2
Ba6 {Matthias-Brenke, Lippstadt 1991,1/2-1/2}) 11... a5 12. Rc2 e5 13. Qa1 Qe7
14. h3 {this could become a target, with a central space advantage, Bl can
easily mount a K side attack} (14. Rfc1) (14. Re1) 14... Nd7 15. Nh2 f5 16. Bf3
Nf6 17. Re1 e4 (17... Qf7 18. Qd1 Rad8 19. Be2 h5 $15 {Stockfish11- goes for
more preparation}) 18. dxe4 fxe4 19. Be2 Ne5 (19... Rf8 20. Rd1 h5 $15 {
Stockfish11}) 20. Ng4 $2 (20. Bxe5 Qxe5 (20... dxe5 21. Nb1 $16) 21. Qxe5 Rxe5
22. Nb1 d5 23. cxd5 Bxd5 24. Bc4 $11 {Stockfish11- the exchanges have endrd
Bl's K side initiative}) 20... Nfxg4 $19 21. hxg4 (21. Bxg4 h5 22. Be2 (22. Bd1
Nd3 $19) 22... Rf8 23. Rf1 Qg5 24. Kh1 Qh4 $19 {with almost all of Wh's pieces
on the Q side, a Bl 'sacrifice' will soon break through}) 21... Rf8 22. Rf1 Rf7
(22... Qg5) (22... Qh4) 23. Bc3 Qg5 24. Bxe5 Bxe5 25. Qb1 Raf8 {Bl is piling
everthing at the K} (25... Qh4 26. f4 (26. g3 Bxg3 27. fxg3 Qxg3+ 28. Kh1 Qh3+
29. Kg1 Qxe3+ 30. Kh2 (30. Kh1 Qh3+ 31. Kg1 e3) 30... Qxe2+ $19 {Stockfish11})
26... exf3 27. Nxf3 Bxf3 28. Rxf3 Qh2+ 29. Kf1 (29. Kf2 Bg3+ 30. Kf1 Qh1#)
29... Qh1+ 30. Kf2 Qxb1 $19 {Stockfish11}) 26. Rcc1 Qh4 27. g3 (27. f4 {
lasts a little longer} exf3 (27... Rxf4 {also seems to work, but text is more
natural quicker}) 28. Rxf3 Qh2+ 29. Kf1 Bg3 30. Bd1 Rxf3+ 31. Nxf3 Rxf3+ 32.
Bxf3 Bxf3 33. Qxg6+ hxg6 34. gxf3 Qf2# {Stockfish11}) 27... Bxg3 28. fxg3 Qxg3+
29. Kh1 Qh3+ (29... Rf2 30. Rxf2 Rxf2 31. Nf1 Qg2# {Stockfish11}) 30. Kg1 Qxe3+
31. Kh1 Qh3+ 32. Kg1 Qg3+ 33. Kh1 e3+ (33... Rf2) 34. Nf3 Qh3+ (34... Rxf3 $1 {
Stockfish11- finding the quickest route in complications is an Engine forte}
35. Rxf3 Rxf3 36. Qe4 Bxe4 37. Bd3 Rf1#) 35. Kg1 Qxg4+ 36. Kh2 Rf5 0-1

[Event "Dyfed Major"]
[Site "Fishguard"]
[Date "2020.02.14"]
[Round "1.2"]
[White "Shepherd, Graham C"]
[Black "Miller, John S"]
[Result "1/2-1/2"]
[WhiteElo "1686"]
[BlackElo "1502"]
[Annotator "kemen"]
[PlyCount "71"]
[EventDate "2020.??.??"]

{[%evp 0,71,16,13,30,30,56,21,6,14,-1,-21,-10,-9,13,7,15,-3,15,-46,-42,-47,-19,
-37,-39,-59,-43,-52,-28,-27,-14,-23,-2,-13,-27,-27,-15,-68,-33,-33,-21,-42,-55,
-61,-61,-80,-40,-34,4,-53,-57,-57,-46,-105,-42,-59,-36,-40,-15,-39,25,23,65,43,
38,39,39,39,39,25,38,0,20,-19]} 1. d4 Nf6 2. Nf3 g6 3. e3 (3. Bf4 {has become
more popular}) 3... Bg7 4. c4 O-O 5. Nbd2 (5. Be2) (5. Nc3) 5... d6 6. Be2 (6.
b3 Nbd7 7. Bb2 Re8 8. Be2 e5 {main move order}) 6... Nbd7 7. b3 $146 (7. O-O)
7... e5 8. dxe5 dxe5 $15 9. e4 b6 (9... Nc5 10. Ba3 Ncxe4 11. Nxe4 Nxe4 12.
Bxf8 Qxf8 $17 {Stockfish11- a pawn & bl square control is well worth an
exchange}) 10. Bb2 Re8 11. Qc2 Bb7 (11... Nc5) (11... a5) 12. b4 Qe7 (12... c5
13. b5 Nf8 14. O-O (14. Nxe5 Nxe4 $19) 14... Nh5 $15 {Stockfish11}) 13. a3 Rad8
(13... Nf8) 14. O-O (14. c5 $5) 14... h6 15. Rfe1 Nh7 (15... Nh5) 16. Rac1 c5
17. b5 Ndf8 18. Nf1 (18. Nb1) (18. Rcd1) 18... Ng5 (18... Ne6 $17 19. Nxe5 Nhg5
20. Nc6 Bxc6 21. bxc6 Bxb2 22. Qxb2 Nd4 23. f3 f5 $17 {Stockfish11}) 19. Nxg5
Qxg5 20. Rcd1 (20. Ne3 $11) 20... Ne6 21. Ne3 Nd4 22. Bxd4 exd4 (22... cxd4 23.
Nd5 Rc8 24. Qb2 Bxd5 25. cxd5 Rc3 $15 {Stockfish11}) (22... Bxe4 23. Qxe4 exd4
24. Qg4 dxe3 25. Qxg5 exf2+ 26. Kxf2 hxg5 27. Rxd8 Rxd8 28. Bf3 $15 {
Stockfish11- but with only half a pawn ahead & opposite colourB, it will soon
draw, despite Rs still being on the board for the moment.}) 23. Nd5 Be5 (23...
Bxd5 $11) 24. Qd2 (24. g3 $14) 24... Qxd2 (24... Qh4) 25. Rxd2 Kg7 26. g3 f5
27. Bf3 Bxd5 28. exd5 $11 Kf6 29. Kf1 Rd6 30. Bd1 Rdd8 31. Rde2 Re7 32. f4 Bd6
33. Rxe7 Bxe7 34. Re6+ Kf7 35. Bf3 Rd6 36. Rxd6 1/2-1/2

[Event "Dyfed Major"]
[Site "Fishguard"]
[Date "2020.02.14"]
[Round "1.3"]
[White "Foss, Michael"]
[Black "Chadaway, Stephen"]
[Result "0-1"]
[WhiteElo "1478"]
[BlackElo "1662"]
[Annotator "kemen"]
[PlyCount "76"]
[EventDate "2020.??.??"]

{[%evp 0,76,54,-30,-53,-79,-15,-21,-13,-14,32,-23,5,0,0,20,19,-15,63,23,14,13,
40,-16,6,-22,-25,-30,148,108,108,87,94,103,96,108,107,62,76,56,68,50,69,51,45,
76,128,120,115,75,166,143,110,116,121,137,149,112,110,63,81,33,22,22,320,59,
233,-168,-182,-152,-152,-231,-136,-323,-638,-956,-956,-29997,-29998]} 1. b4 e5
2. Bb2 d6 3. c4 a5 (3... Nf6) (3... f5) 4. b5 c6 (4... Nf6) 5. a4 Be6 6. e3 Nf6
$146 (6... f6 {2-0}) (6... Nd7 {1/2-1/2}) 7. Nf3 Nbd7 8. d4 exd4 (8... e4 9.
Nfd2 d5 $11 {Stockfish11}) 9. exd4 (9. Nxd4) 9... d5 10. c5 Be7 (10... g6 11.
Bd3 Bg7 $11 {Stockfish11}) 11. b6 h6 12. Be2 (12. Bd3) 12... Ne4 (12... Nh5 $5)
13. Nbd2 Nexc5 $6 {Bl gets 3 pawns for a piece, but in the middlegame this is
not always enough, unless the pawns are advanced.} (13... Bf6 14. Qc1 O-O 15.
O-O Bf5 $14 {Stockfish11}) 14. dxc5 Bxc5 15. Bd4 (15. O-O $18) 15... Qxb6 (
15... Bxb6) 16. Rb1 Qc7 17. Bxc5 Nxc5 $16 18. Nd4 O-O 19. O-O Bd7 20. h3 Rae8
21. Re1 Re7 22. Qc2 Ne6 23. Nf5 $18 Ree8 24. g3 (24. Qb2 {Stockfish11} Bc8 25.
Bd3 $18 {Wh does need to get his pieces active before the pawns can advance})
24... Bc8 25. Qc3 c5 26. Bb5 Rd8 27. Nf3 d4 28. Qc1 Bd7 29. Nxh6+ (29. Bd3 {
first targets h7- Stockfish11} Bc6 30. Nxh6+ $18 Kh8 (30... gxh6 31. Qxh6 f6
32. Rxe6 $18) 31. Ng5 $18 {Stockfish11}) 29... gxh6 30. Qxh6 Bxb5 31. Rxb5 (31.
Re4 $1 Bd3 32. Rg4+ Bg6 33. Rh4 f6 34. Qxg6+ Qg7 35. Qd3 f5 36. Rb6 Rf6 37. Kh2
$18 (37. Rxe6 Rxe6 38. Qxf5 Rf6 39. Qe4 Rdf8 40. Rg4 Rxf3 41. Qd5+ R3f7 42.
Rxg7+ Kxg7 43. Qxc5 Rd7 44. Qg5+ Kf7 {but the d pawn should save Bl})) 31...
Rd5 (31... Rd6 32. Nh4 Ng7 33. Qg5 f6 (33... Qd8 34. Qxc5 b6 $16) 34. Qg6 Rd5
35. g4 Rg5 36. Qd3 b6 $11 {Stockfish11}) 32. h4 (32. Re4 $18 {Stockfish11})
32... b6 (32... Qd6 33. Rxb7 Ng7 $11 {Stockfish11}) 33. Ng5 (33. Re4 $18 {
Stockfish11}) 33... Nxg5 34. hxg5 Rd6 $19 35. Qh4 Kg7 (35... Qc6) 36. f4 Rh8
37. Qg4 Qc6 38. Kf2 Rh2+ 0-1

[Event "Dyfed Major"]
[Site "Fishguard"]
[Date "2020.02.14"]
[Round "1.4"]
[White "Alexander, Ken"]
[Black "Thacker, Steve"]
[Result "1-0"]
[WhiteElo "1622"]
[BlackElo "1438"]
[Annotator "kemen"]
[PlyCount "137"]
[EventDate "2020.??.??"]

{[%evp 0,137,54,13,30,30,36,25,45,-1,13,-21,-6,14,19,-6,0,-7,-4,-32,-6,-10,-4,
6,12,10,15,17,40,33,28,9,13,21,14,12,16,12,30,18,24,14,14,14,13,16,22,22,22,27,
22,23,28,14,46,33,48,40,57,45,50,31,35,13,92,96,98,98,115,68,110,115,118,122,
117,94,117,102,126,121,143,143,169,150,429,436,438,364,339,317,326,326,339,341,
348,353,344,344,344,369,393,354,441,450,1765,2415,2862,393,393,393,403,310,364,
375,416,428,428,449,462,464,518,540,603,754,1012,1015,1429,609,781,1016,1002,
1016,1444,1621,2040,2140,29983,29984,29987,29988]} 1. d4 Nf6 2. Bf4 d6 3. e3
Bf5 (3... g6) (3... Nbd7) 4. c3 c6 5. h3 (5. Nf3 {main}) 5... h6 (5... Nbd7 6.
Nf3 h6 {3 Wh wins, 2 draws, 1 Bl win}) 6. Nd2 Nbd7 7. Ngf3 g5 {4 Wh wins, 1
draw, 1 Bl win} (7... e6 {2 Wh wins, 2 draws, 3 Bl wins}) 8. Bh2 Bg7 9. Qb3 (9.
Be2) 9... Qb6 $11 (9... Qc7 10. Be2 Bg6 11. c4 c5 12. Bd3 Bxd3 13. Qxd3 O-O 14.
O-O {Bauer-Fernandez Aguado, Oberliga Baden 2014,1-0}) (9... Qc8 10. Be2 O-O
11. g4 Bh7 12. Rg1 b5 13. a4 bxa4 14. Qxa4 Nb6 15. Qa5 Qe6 16. c4 Ne4 17. Nxe4
Qxe4 18. Rc1 f5 19. Nd2 Qe6 20. c5 {Wunder-Grosshans, Oberfraenkische ch,
Schey 2020,1-0}) (9... O-O $11 {Stockfish11}) 10. Bc4 (10. Nc4) 10... Qxb3 11.
axb3 a6 (11... a5) 12. O-O O-O 13. Rfe1 Nb6 14. Bf1 (14. e4) 14... Ne4 15. Nxe4
Bxe4 16. Nd2 Bg6 17. e4 Rad8 18. Nf3 Nd7 19. e5 dxe5 20. Nxe5 Bxe5 21. Bxe5
Nxe5 22. Rxe5 e6 $16 {Draw?.} (22... Rfe8 $11) 23. b4 Rd6 24. Bc4 Kg7 {Draw?.}
25. Rae1 $14 {Bl has a worse B & pawns, but the position is very blocked} Rfd8
26. g4 Bh7 27. Kg2 Bg8 28. Kg3 (28. h4 $16) 28... Kf6 29. h4 Bh7 30. hxg5+ (30.
Rh1) 30... hxg5 31. R1e3 Bg6 (31... Bc2 $11 {Stockfish11}) 32. Rf3+ Kg7 33.
Rxg5 $16 Rh8 34. Bd3 (34. Re3) 34... Rh6 (34... Rd5 35. Re5 $16 {Stockfish11} (
35. Bxg6 Rxg5 36. Bxf7 e5 37. Bb3 $16 {Stockfish11})) 35. Bxg6 Rxg6 36. Rxg6+ (
36. Rh5) 36... Kxg6 37. Re3 $18 Rd5 38. f4 (38. Re5 Rd7 39. f4) 38... b6 (38...
a5 39. bxa5 Rxa5 40. Kf3 Ra2 41. Re2 Ra1 42. Ke4 Rg1 43. g5 f6 44. gxf6 Kxf6
45. Rh2 b5 $14 {Stockfish11-the Bl R has gained enough activity to probably
hold the game}) 39. Re5 Rd6 40. Kf3 f6 41. Re1 {Zugzwang} (41. Rxe6 Rxe6 42.
f5+ Kf7 43. fxe6+ Kxe6 44. Ke4 $18 {Stockfish11}) 41... Rd7 (41... f5 42. g5
$18) (41... b5 42. Re2 $19 (42. Rxe6)) (41... a5 42. bxa5 (42. Rxe6) 42... bxa5
43. Ra1 Rd5 44. Ra4 e5 45. Rc4 Rb5 46. dxe5 $18) 42. Rxe6 Rc7 43. Ke3 (43. g5)
43... Kf7 44. f5 (44. d5 cxd5 45. Rxb6) 44... b5 45. Ke4 Rc8 46. Kf4 Rc7 47. g5
fxg5+ 48. Kxg5 Rc8 49. Rh6 (49. Rf6+ Ke7 50. Rh6) 49... Rg8+ 50. Rg6 Rb8 51.
Rxc6 Rh8 52. Rc7+ Kf8 53. Kf6 (53. Rc8+ Kg7 54. f6+ Kh7 55. Rc7+ Kg8 56. Kg6
$18) 53... Rh6+ 54. Ke5 Rh2 55. f6 (55. d5) 55... Re2+ 56. Kd5 (56. Kd6) 56...
Rxb2 57. Kc5 Rc2 58. Kb6 Rf2 59. Kxa6 (59. f7) 59... Rxf6+ 60. Kxb5 Rf5+ 61.
Kc4 Ke8 62. b5 Kd8 63. Rh7 (63. b6) 63... Rf6 64. Kc5 Rf5+ 65. d5 Kc8 66. c4 (
66. Kc6) 66... Kb8 67. b6 Rg5 68. Kc6 Rg6+ 69. d6 1-0

[Event "Dyfed Major"]
[Site "Fishguard"]
[Date "2020.02.14"]
[Round "1.5"]
[White "Gunn, Tom"]
[Black "Parri, Deio"]
[Result "1/2-1/2"]
[WhiteElo "1422"]
[BlackElo "1622"]
[Annotator "kemen"]
[PlyCount "74"]
[EventDate "2020.??.??"]

1. d4 d5 2. Nf3 Nf6 3. e3 Bg4 (3... e6) (3... Bf5) 4. Be2 (4. c4 {main}) 4...
e6 5. O-O Bd6 6. Nbd2 O-O 7. c4 (7. b3) 7... c5 8. cxd5 $146 {Stockfish11} (8.
b3) (8. dxc5) (8. h3) 8... Nxd5 (8... exd5) 9. b3 (9. Ne4 cxd4 10. Nxd6 Qxd6
11. Nxd4 Bxe2 12. Qxe2 $11 {Stockfish11}) (9. Nb3 cxd4 10. Nfxd4 Bxe2 11. Qxe2
$11 {Stockfish11}) 9... cxd4 10. Nxd4 Nc3 11. Qe1 Nxe2+ 12. Nxe2 Qf6 (12... Nc6
$15) 13. Rb1 (13. Nd4 $11) 13... Qh6 (13... Nc6 $15) 14. Ng3 Nc6 15. Nc4 $11
Bb4 (15... Bc7) 16. Bd2 Bxd2 17. Qxd2 Rad8 18. Qc3 Qg6 $6 {makes the B
vulnerable} (18... Qg5 $11) 19. h3 (19. f3 Bh5 20. Rbd1 Qg5 21. Nd6 Bg6 22.
Nxb7 $18) 19... Bf5 20. Nxf5 Qxf5 21. Rbd1 $11 Qc5 22. Rd3 Rxd3 23. Qxd3 Rd8
24. Qe2 b5 25. Nb2 a6 26. Rd1 Qb6 27. Rxd8+ Qxd8 28. Qd3 Qb6 {a bit risky
leaving a Wh Q dominant} (28... Qxd3 $11) 29. Qd6 $16 g6 30. Nd3 Qb7 31. Nc5
Qc8 32. Qd7 (32. Nd7 {Q & N are a very dangeous attacking duo} h5 33. g4 hxg4
34. hxg4 Nb4 (34... b4 35. Nf6+ Kg7 36. g5 Qb7 37. Qh2 Kf8 38. Qh8+ Ke7 39.
Qe8+ Kd6 40. Ne4+ Kd5 41. f3 Qc7 42. Qf8 Nd8 43. Qxb4 $18) 35. Nf6+ Kg7 36. Qd4
e5 37. Qxe5 Qe6 38. Qxe6 fxe6 39. Ne8+ Kf7 40. a3 Nc2 41. Nc7 Nxa3 42. Nxa6 $18
{Stockfish11}) 32... Qxd7 33. Nxd7 e5 34. Kf1 f5 35. Ke2 Kf7 36. Nc5 a5 37. Kd2
(37. a4) 37... b4 (37... e4 $11) (37... b4 38. e4 $16 Ke7 39. Kd3 h6 40. Kc4
Kd6 41. exf5 gxf5 42. g4 fxg4 43. Ne4+ Ke6 44. hxg4 $18 {Stockfish11- Bl's Q
side pans are at risk}) 1/2-1/2

[Event "Dyfed Major"]
[Site "Fishguard"]
[Date "2020.02.14"]
[Round "1.6"]
[White "Andrews, Norman"]
[Black "Hollyman, Mike"]
[Result "1-0"]
[WhiteElo "1606"]
[BlackElo "1301"]
[Annotator "kemen"]
[PlyCount "76"]
[EventDate "2020.??.??"]

{[%evp 0,76,27,27,27,-38,-28,4,1,-29,-11,-53,-34,-31,-23,-19,-13,-1,53,-12,22,
-6,-4,1,0,-1,24,24,31,12,14,54,107,123,126,68,88,81,363,368,382,373,417,421,
416,423,452,461,512,512,552,571,568,572,654,689,704,707,780,786,840,600,813,
795,819,564,667,663,663,705,713,728,767,443,29993,29994,29995,29996,29997]} 1.
Nf3 Nf6 2. b3 d5 (2... g6 {main}) 3. Bb2 Bf5 (3... e6) 4. d3 (4. e3) (4. g3)
4... Nc6 5. g3 e6 6. Bg2 Bc5 (6... Bd6 {2 Wh wins, 2 draws, 2 Bl wins}) 7. O-O
O-O 8. a3 {Komodo13 & Deep Fritz14} (8. Nbd2 {transposes- 7 Wh wins, 1 draw, 2
Bl wins}) 8... Ng4 (8... a5) 9. d4 (9. h3 $16) 9... Bb6 (9... Be7) 10. h3 (10.
c4 $16) 10... Nf6 11. e3 (11. c4) 11... Ne4 (11... Ne7 $11) 12. Nbd2 Ng5 (12...
Nxd2 13. Nxd2 Ne7 14. e4 dxe4 15. Nxe4 $14 {Stockfish11}) (12... Ne7 13. c4 c6
$14 {Stockfish11}) 13. Nxg5 Qxg5 14. Nf3 (14. h4 Qg4 15. Bf3 Qg6 16. c4 $16 {
Stockfish11}) 14... Qh6 15. Nh4 Rad8 (15... Be4) 16. Nxf5 exf5 17. Qf3 (17. c4
$18 {this move keeps threatening the B on b6}) 17... Ne7 18. a4 Qg6 $2 (18...
c6 {had to be tried, or}) (18... a6) 19. a5 $18 a6 20. axb6 cxb6 21. Ba3 Rfe8
22. c4 Nc6 23. cxd5 Na5 24. Rab1 b5 25. Bb4 b6 26. Rfc1 Nb7 27. Rc6 f6 28. Rxb6
f4 29. Rc1 fxe3 30. fxe3 (30. Rxb7) 30... Qd3 31. Rc3 (31. Rxb7) 31... Qb1+ 32.
Qf1 Qxf1+ 33. Kxf1 a5 34. Rxb7 axb4 35. Rcc7 Rxe3 36. d6 Rc3 37. Rxg7+ Kf8 38.
Rbf7+ Ke8 (38... Ke8 {the neatest is} 39. Rg8+ Kxf7 40. Bd5#) 1-0

[Event "Dyfed Major"]
[Site "Fishguard"]
[Date "2020.02.14"]
[Round "1.7"]
[White "Osinga, Awne"]
[Black "Paffard, Mark"]
[Result "1/2-1/2"]
[WhiteElo "1297"]
[BlackElo "1603"]
[Annotator "kemen"]
[PlyCount "47"]
[EventDate "2020.??.??"]

{[%evp 0,47,19,29,72,53,51,45,59,65,82,4,-5,10,22,-23,-28,-30,-30,-43,-43,-48,
-60,-32,-50,-28,-28,-38,-9,-69,-54,-78,-73,-42,-41,-41,-23,-31,-50,-41,-49,-49,
-32,-32,-40,-56,-76,-51,7,-530]} 1. e4 c5 2. Nf3 e6 3. Be2 (3. d4) (3. c3) 3...
Nc6 4. O-O Qc7 5. c3 (5. Nc3) 5... Nf6 6. d3 Be7 7. Nbd2 (7. Re1) 7... d5 8.
exd5 (8. Re1 {main}) (8. Qc2 {Wh is better placed keeping a pawn on e4 in this
Reversed Philidor setup}) 8... exd5 (8... Nxd5 9. Ne4 Nf4 10. Be3 b6 11. d4 (
11. Qd2 Nxe2+ 12. Qxe2 O-O 13. Rfd1 h6 14. Ng3 Ba6 15. Qc2 Rac8 16. b3 Rfd8 {
Hrisostomidis-Shavtvaladze, Litohoro Summer 2006,0-1}) 11... Nxe2+ 12. Qxe2
cxd4 13. Nxd4 Nxd4 14. Bxd4 e5 15. Qb5+ Bd7 16. Qxe5 {Kezele-Bojovic, SRB ch
tm women, Novi Sad 2010,1-0}) 9. Re1 O-O 10. Nf1 {Stockfish7} (10. d4 {
Stockfish11} cxd4 11. Nxd4 Nxd4 12. cxd4 Bf5 13. Nf3 Bc2 14. Qd2 (14. Bf4 $11)
14... Ne4 15. Qe3 Bb4 16. Nd2 (16. Rf1) 16... Nxd2 (16... Rfe8 $19) 17. Bxd2
Rfe8 $19 {Siecker-Tscharotschkin, Stuttgart ch, Ditzingen 2006,0-1}) 10... Bd7
(10... d4) (10... Be6 11. d4 c4 12. Bg5 h6 13. Bxf6 Bxf6 14. Qd2 $11 {
Stockfish11}) 11. d4 cxd4 12. Nxd4 Nxd4 13. Qxd4 Rfe8 14. Bg5 (14. Bf4 $14)
14... Bc5 15. Qh4 Re4 16. Qg3 Bd6 17. Qd3 Rae8 18. Bxf6 (18. Be3 $11) 18...
gxf6 19. Ng3 Bxg3 20. hxg3 Qe5 21. Kf1 a6 (21... h5 $17) (21... Qg5 $15) 22. f4
(22. Qd2 {prepares to swap all heavy pieces}) 22... Qe6 23. Qd2 Bc6 (23... Qb6)
24. Bf3 $2 {Draw agreed} (24. Bd3 $11) (24. Bf3 Bb5+ $1 $19 25. Kg1 (25. Kf2
Qb6+ $19) 25... Rxe1+ $19 {Stockfish11}) 1/2-1/2

[Event "Dyfed Major"]
[Site "Fishguard"]
[Date "2020.02.14"]
[Round "1.8"]
[White "Hammett, Scott"]
[Black "Bevan, Paul"]
[Result "1-0"]
[WhiteElo "1602"]
[BlackElo "1219"]
[Annotator "kemen"]
[PlyCount "73"]
[EventDate "2020.??.??"]

{[%evp 0,73,20,20,62,62,63,30,36,1,-15,-15,24,17,27,-18,10,-31,-15,-15,-8,-57,
22,-166,-40,-45,-55,-60,-69,-55,-55,-79,-74,-74,-33,-63,-18,-27,-31,-67,-67,
-74,-38,-119,-102,-102,-114,-110,-119,-132,-103,-112,-114,-117,-97,-96,-103,
-96,-91,-97,-90,-182,-118,-118,-113,-103,-91,-193,-45,-63,0,0,-6,-2,2060,29990]
} 1. d4 f5 2. e3 Nf6 3. Bd3 e6 4. f4 (4. Nd2 {main}) 4... d5 (4... b6) (4...
Be7) 5. Nf3 Bd6 6. O-O Ne4 (6... O-O {main}) 7. c3 (7. Nbd2 {main, 1 Wh win, 1
draw6 Bl wins}) (7. c4 c6 8. Nbd2 O-O {3 Wh wins, 2 draws & 3 Bl wins}) 7...
Nd7 (7... O-O 8. Ne5 Nd7 {1 Wh win, 4 Bl wins}) 8. Bxe4 fxe4 9. Ne5 O-O 10. Bd2
(10. c4 $11) 10... Qf6 (10... c5 $17) 11. Be1 $2 Qh6 (11... Bxe5 12. dxe5 Nxe5
$19) (11... Nxe5 12. dxe5 Bxe5 $19) 12. Bg3 (12. c4 c6 13. Nc3 $11 {Stockfish11
}) 12... Nxe5 13. dxe5 Bc5 $15 14. Qe2 Bd7 15. a4 a6 16. Nd2 b5 17. b4 Ba7 18.
a5 c5 19. Nb3 cxb4 (19... Rac8 $15) 20. cxb4 Rac8 21. Nc5 (21. Rac1 $11) 21...
Bxc5 22. bxc5 Rxc5 $17 23. Rfc1 Rfc8 (23... Rc4 $17 {Stockfish11}) 24. Qd2 Be8
25. Rxc5 Rxc5 26. Rc1 Rc4 27. Rxc4 bxc4 $11 28. Qb4 Bb5 29. Qd6 Qg6 30. Kf2 (
30. Be1 $11 {brings the B back into the game & barricades Bl's dangerous
pawns- though neither side should be able to do much as they each control
different squares}) 30... Qe8 (30... c3 $19 {Stockfish11} 31. Qd8+ (31. Qc5 Qg4
32. h3 Qd1 33. Qc8+ Kf7 34. Bh4 Qf1+ 35. Kg3 Qe1+ 36. Kh2 (36. Kg4 Be2+ 37. Kg5
h6#) 36... Qxh4 $19 {Stockfish11}) 31... Qe8 32. Qxe8+ Bxe8 33. Ke1 d4 34. exd4
e3 35. Kd1 Bg6 36. Be1 c2+ 37. Kc1 Bd3 38. Bb4 Kf7 $19 {Stockfish11}) 31. Ke1
Qc8 (31... h6 32. f5 exf5 33. Qxd5+ Kh8 34. Kd2 Bd7 35. Qxc4 Bb5 36. Qc7 $11)
32. f5 c3 (32... Kf7 33. fxe6+ (33. f6 {opens up all the bl squares for Wh}
gxf6 34. exf6 Kxf6 35. Qe5+ $11) 33... Qxe6 34. Kd2 Qxd6 35. exd6 g5 $11 {
Stockfish11}) 33. Kd1 (33. Qxe6+ Qxe6 34. fxe6 Kf8 $15 {Stockfish11}) 33...
Ba4+ (33... Qc4 $19 {Stockfish11} 34. Qxe6+ Kh8 35. Kc1 Qf1+ 36. Kc2 Ba4+ 37.
Kxc3 Qc1+ 38. Kb4 Qc4+ 39. Ka3 Qb3# {Wh's B remains a bystander}) 34. Kc1 exf5
(34... Kf7 $11) 35. Qxd5+ Kh8 36. e6 Qb8 $2 (36... h6 $11) 37. Bxb8 1-0

[Event "Dyfed Major"]
[Site "Fishguard"]
[Date "2020.02.14"]
[Round "1.9"]
[White "Evans, Gwyn"]
[Black "Jones, Jonathan"]
[Result "0-1"]
[WhiteElo "1182"]
[BlackElo "1537"]
[Annotator "kemen"]
[PlyCount "92"]
[EventDate "2020.??.??"]

{[%evp 0,92,20,15,19,-7,18,-41,-51,-186,-139,-139,-120,-144,-158,-173,-158,
-219,-74,-74,-47,-51,-45,-64,-46,-62,-60,-86,21,-90,-59,-60,-53,-56,-50,-50,
-44,-59,-37,-69,-73,-59,-97,-164,-164,-141,-158,-182,-186,-268,-177,-246,-219,
-253,-213,-318,-223,-246,-220,-214,-211,-236,-241,-311,-312,-326,-332,-325,
-334,-375,-368,-389,-389,-406,-371,-406,-420,-437,-377,-476,-480,-540,-570,
-569,-343,-362,-414,-471,-556,-1122,-1178,-1200,-1358,-1434,-1507]} 1. d4 Nf6
2. c4 e5 3. d5 Bc5 4. Bg5 {a frequent error, the 3rd most usual move} (4. Nc3)
(4. e3) 4... Bxf2+ {9 % for Wh} (4... Ne4 {10 % for Wh}) 5. Kxf2 Ng4+ 6. Ke1
Qxg5 7. Nc3 $146 (7. Nf3 {main} Qe3 8. h3 (8. Qd2 Qf2+ 9. Kd1 Ne3+ {0-17}) 8...
Nf2 9. Qc2 Nxh1 10. Nc3 Qf2+ 11. Kd2 Ng3 12. Ne4 Nxf1+ {Hill-R Van Kemenade,
Huddersfield ch 2004,0-1}) 7... d6 {Stockfish11; transposes to 38 games} 8. Nf3
Qe7 (8... Qe3 {main; cloud Engines}) 9. e4 Ne3 (9... f5 {Stockfish10 & 11} 10.
h3 Nf6 (10... Ne3) 11. Bd3 fxe4 12. Nxe4 Nxe4 13. Bxe4 Nd7 14. Kf2 Rf8 15. Re1
Nc5 $19 {Raya Bailen-Garcia Martinez,Valladollid San Matteo op 1`986,1/2-1/2})
10. Qd2 (10. Qd3 Nxf1 11. Rxf1 O-O 12. Kf2 f5 13. Kg1 fxe4 (13... f4 $19) 14.
Nxe4 Bf5 $17 {Lee-Krouk, Olympiad prelim 1974,1/2-1/2}) 10... Nxf1 11. Rxf1 h6
(11... Nd7) 12. Ke2 (12. Kf2 O-O 13. Kg1 f5 $17 {Stockfish11}) 12... Na6 13.
Rf2 c6 (13... O-O) 14. g3 (14. dxc6 {d6 is vulnerable} O-O (14... bxc6 15. Rd1
$11) 15. Rd1 Rd8 16. cxb7 Bxb7 $11 {Stockfish11}) 14... Bd7 (14... Bh3) 15. Nh4
Nc7 16. Nf5 Bxf5 17. Rxf5 (17. exf5) 17... cxd5 18. cxd5 (18. Nxd5) 18... b5
19. Raf1 O-O $19 20. Nd1 b4 21. b3 (21. Qxb4 Rab8 $19) 21... Nb5 $19 22. Ne3 (
22. Kf2 Nd4 23. Kg2 Nxf5 24. exf5 f6 $19 {Stockfish11}) 22... Nd4+ 23. Kd1 Nxf5
24. Rxf5 g6 (24... a5 $19) 25. Rf1 Qg5 26. Qe1 Rac8 27. Nc4 Qh5+ (27... f5 $19)
28. Qe2 Qxe2+ (28... Qg5) 29. Kxe2 Rfd8 30. Rf6 Kg7 31. Rxd6 Rxd6 32. Nxd6 Rc2+
33. Kd3 Rxa2 (33... Rxh2) 34. Nb7 Kf8 35. d6 Ke8 36. Kc4 Kd7 (36... Rxh2) 37.
Kd5 Rxh2 38. Nc5+ Kd8 (38... Ke8) 39. d7 Ke7 (39... Rd2+) 40. Kc6 Rc2 41. Kd5
Rxc5+ 42. Kxc5 Kxd7 43. Kxb4 h5 (43... Kd6) 44. Kc5 g5 45. Kd5 f6 46. b4 h4 0-1